000 00681nam a2200265Ia 4500
003 OSt
005 20220918164332.0
006 a|||||r|||| 00| 0
007 ta
008 220917b |||||||| |||| 00| 0 eng d
020 _a0521567416 (pbk)
024 _a43,227
037 _cTextual
040 _aARTS
_cARTS
_beng
041 _2eng
_aeng
082 _aW:511, N8
100 _aSandel Michael J
_918387
245 0 _aLiberalism and the limits justice
250 _a2nd
260 _aCambridge
_bCUP
_c1998
300 _axvii,231p.
_ccm.
650 _aPOLITICAL SCIENCE
942 _hW:511, N8
_cTEXL
_2CC
999 _c124304
_d124304